Catálogo
 En Linea

La liga de naciones americanas y la conferencia de Buenos Aires. (Registro nro. 15234)

Detalles MARC
000 -CABECERA
campo de control de longitud fija 00278nam a2200097 a 4500
005 - FECHA Y HORA DE LA ÚLTIMA TRANSACCIÓN
campo de control 20200929164120.0
008 - DATOS DE LONGITUD FIJA--INFORMACIÓN GENERAL
campo de control de longitud fija 100217s1937 000 spa d
040 ## - FUENTE DE LA CATALOGACIÓN
Centro catalogador/agencia de origen DO-SdBNP
245 #3 - MENCIÓN DE TÍTULO
Título La liga de naciones americanas y la conferencia de Buenos Aires.
260 ## - PUBLICACIÓN, DISTRIBUCIÓN, ETC.
Lugar de publicación, distribución, etc. Nueva York,
Fecha de publicación, distribución, etc. 1937.

No hay ítems disponibles.

Con tecnología Koha